| Tag |
First Indicator |
Second Indicator |
Subfields |
| LEADER |
00000cem a2200000Ia 4500 |
| 001 |
in00002536734 |
| 005 |
20200725063832.0 |
| 007 |
aj aanzn |
| 008 |
991101s1972 vauag a f 1 eng d |
| 034 |
1 |
|
|a a
|b 250000
|d W1560000
|e W1530000
|f N0630000
|g N0620000
|
| 035 |
|
|
|a (OCoLC)ocm42744062
|
| 035 |
|
|
|a (OCoLC)42744062
|
| 040 |
|
|
|a ORE
|c ORE
|d COP
|d OCLCQ
|d OCLCG
|d TXA
|d UtOrBLW
|
| 043 |
|
|
|a n-us-ak
|
| 045 |
0 |
|
|b d1972
|
| 049 |
|
|
|a TXAM
|
| 052 |
|
|
|a 4371
|
| 074 |
|
|
|a 0619-G-11
|
| 086 |
0 |
|
|a I 19.113:MF-379
|
| 090 |
|
|
|a G3701.C5 svar
|b .U5 MF-379
|
| 100 |
1 |
|
|a Cobb, Edward H.
|q (Edward Huntington),
|d 1916-1983.
|
| 245 |
1 |
0 |
|a Metallic mineral resources map of the McGrath quadrangle, Alaska /
|c compiled by Edward H. Cobb ; Department of the Interior, United States Geological Survey.
|
| 246 |
3 |
|
|a McGrath quadrangle, Alaska
|
| 255 |
|
|
|a Scale 1:250,000
|c (W 156⁰--W 153⁰/N 63⁰--N 62⁰).
|
| 264 |
|
1 |
|a [Reston, Va.] :
|b The Survey,
|c 1972.
|
| 300 |
|
|
|a 1 map ;
|c 47 x 65 cm., on sheet 57 x 88 cm., folded in envelope 34 x 23 cm.
|
| 336 |
|
|
|a cartographic image
|b cri
|2 rdacontent
|
| 337 |
|
|
|a unmediated
|b n
|2 rdamedia
|
| 338 |
|
|
|a sheet
|b nb
|2 rdacarrier
|
| 490 |
1 |
|
|a Miscellaneous field studies ;
|v MF-379
|
| 500 |
|
|
|a Relief shown by contours and spot heights.
|
| 500 |
|
|
|a Includes location index map, explanation of map units, index to lodes, and description of mineral deposits.
|
| 500 |
|
|
|a "Base by U.S. Geological Survey, 1958."
|
| 504 |
|
|
|a Includes bibliographical references.
|
| 500 |
|
|
|a Cartographic material.
|
| 650 |
|
0 |
|a Mines and mineral resources
|z Alaska
|z McGrath Region
|v Maps.
|
| 650 |
|
0 |
|a Ore deposits
|z Alaska
|z McGrath Region
|v Maps.
|
| 710 |
2 |
|
|a Geological Survey (U.S.)
|
| 830 |
|
0 |
|a Miscellaneous field studies ;
|v map MF-379.
|
| 994 |
|
|
|a C0
|b TXA
|
| 948 |
|
|
|a cataloged
|b h
|c 2009/11/17
|e rzeske
|f 03:57:32 pm
|
| 999 |
|
|
|a MARS
|
| 999 |
f |
f |
|s bbbf57b2-f96f-3bec-a0be-ff24cd88ff2a
|i 1d6930f4-8be8-34ee-872c-0a3c63ddd6e8
|t 0
|
| 952 |
f |
f |
|p normal
|a Texas A&M University
|b College Station
|c Sterling C. Evans Library
|d Evans: Maps File (2nd floor)
|t 0
|e I 19.113:MF-379
|h Superintendent of Documents classification
|i unmediated -- sheet
|m A14838863992
|
| 998 |
f |
f |
|a I 19.113:MF-379
|t 0
|l Evans: Maps File (2nd floor)
|